[Event "Bystre op 2nd"]
[Site "Bystre"]
[Date "2022.07.19"]
[Round "2"]
[White "Kyc, Jerzy"]
[Black "Kopacz, Lukasz"]
[Result "1-0"]
[WhiteElo "2203"]
[BlackElo "1821"]
[PlyCount "159"]
[EventDate "2022.07.17"]
[EventType "swiss"]
[EventRounds "9"]
[EventCountry "POL"]
[SourceTitle "CBM 209 Extra"]
[Source "ChessBase"]
[SourceDate "2022.09.30"]
[SourceVersion "1"]
[SourceVersionDate "2022.09.30"]
[SourceQuality "1"]

1. e4 c5 2. Nf3 d6 3. d4 cxd4 4. Nxd4 Nf6 5. Nc3 g6 6. Be3 Bg7 7. f3 0-0 8. Qd2 Nc6 9. 0-0-0 d5 10. exd5 Nxd5 11. Nxc6 bxc6 12. Bd4 e5 13. Bc5 Be6 14. Ne4 Re8 15. h4 Nb6 16. Qe1 Qb8 17. Bd6 Qb7 18. Nc5 Qc8 19. h5 f6 20. hxg6 hxg6 21. Ba6 Qd8 22. Nxe6 Rxe6 23. Bc5 Nd5 24. c4 Qc7 25. cxd5 cxd5 26. Rxd5 Rxa6 27. Kb1 Rc6 28. Be3 Rd6 29. Rxd6 Qxd6 30. Qc3 Qe6 31. Qd3 Qf5 32. Qxf5 gxf5 33. Rd1 f4 34. Bc5 f5 35. Rd7 a6 36. Bd6 Re8 37. a4 Re6 38. b4 Bf8 39. Bxf8 Kxf8 40. b5 axb5 41. axb5 Ke8 42. Rd5 e4 43. Kc1 exf3 44. gxf3 Re3 45. Kc2 Rxf3 46. b6 Rf2+ 47. Kc3 Rf1 48. Kb2 Rf2+ 49. Ka3 Rf1 50. Ka4 Rb1 51. Ka5 f3 52. Rxf5 Rb3 53. Ka6 Kd7 54. b7 Kc6 55. Rf6+ Kc7 56. Rf7+ Kc6 57. Ka7 f2 58. Rf6+ Kc7 59. Rf7+ Kc6 60. b8N+ Kd6 61. Rxf2 Kc7 62. Na6+ Kd6 63. Rc2 Rb1 64. Nc7 Rb3 65. Ka6 Rb1 66. Nb5+ Kd7 67. Kb6 Rh1 68. Rc6 Rb1 69. Rh6 Rb2 70. Kc5 Rc2+ 71. Kd5 Re2 72. Nd4 Re7 73. Ra6 Ke8 74. Nf5 Rd7+ 75. Ke6 Rd8 76. Ng7+ Kf8 77. Kf6 Kg8 78. Ne6 Rd1 79. Ra8+ Kh7 80. Ng5+ 1-0

[Event "Krakow op-A"]
[Site "Krakow"]
[Date "2022.06.30"]
[Round "7"]
[White "Shehzad, Shazil Khan"]
[Black "Kyc, Jerzy"]
[Result "1-0"]
[WhiteElo "2252"]
[BlackElo "2213"]
[PlyCount "111"]
[EventDate "2022.06.25"]
[EventType "swiss"]
[EventRounds "9"]
[EventCountry "POL"]
[SourceTitle "CBM 209 Extra"]
[Source "ChessBase"]
[SourceDate "2022.09.30"]
[SourceVersion "1"]
[SourceVersionDate "2022.09.30"]
[SourceQuality "1"]

1. e4 c5 2. Nf3 d6 3. Bb5+ Bd7 4. Bxd7+ Qxd7 5. c4 e5 6. Nc3 Nc6 7. a3 Nge7 8. 0-0 g6 9. b4 b6 10. Nd5 Bg7 11. b5 Nd4 12. Nxd4 Nxd5 13. Ne2 Nc7 14. Nc3 0-0 15. d3 f5 16. a4 a5 17. bxa6 Rxa6 18. Bd2 f4 19. f3 g5 20. Rb1 h5 21. Be1 g4 22. Rf2 gxf3 23. Qxf3 Qf7 24. Nb5 Rxa4 25. Nxd6 Qd7 26. Nf5 Rf6 27. Bc3 Ra3 28. Rc1 Qe8 29. Qe2 Rg6 30. Qb2 Rxc3 31. Rxc3 Bf8 32. Rb3 b5 33. cxb5 c4 34. dxc4 Bc5 35. Kf1 Na8 36. Rd2 Nb6 37. Qc3 Qe6 38. Rd8+ Kf7 39. Qd3 f3 40. Qxf3 Qxc4+ 41. Rbd3 Qc1+ 42. Rd1 Qc4+ 43. Qd3 Qa2 44. Qe2 Qxe2+ 45. Kxe2 Rxg2+ 46. Kf3 Rb2 47. Rb8 Rb3+ 48. Kg2 Rb4 49. Rb7+ Kf6 50. Rxb6+ Bxb6 51. Rd6+ Kg5 52. Rxb6 Rxe4 53. Nd6 Re2+ 54. Kf3 Rxh2 55. Rb8 Rh3+ 56. Ke4 1-0

[Event "Krakow op-A"]
[Site "Krakow"]
[Date "2022.06.27"]
[Round "4"]
[White "Klimkowski, Jan"]
[Black "Kyc, Jerzy"]
[Result "1-0"]
[WhiteElo "2411"]
[BlackElo "2213"]
[PlyCount "89"]
[EventDate "2022.06.25"]
[EventType "swiss"]
[EventRounds "9"]
[EventCountry "POL"]
[SourceTitle "CBM 209 Extra"]
[Source "ChessBase"]
[SourceDate "2022.09.30"]
[SourceVersion "1"]
[SourceVersionDate "2022.09.30"]
[SourceQuality "1"]

1. e4 c5 2. Nf3 d6 3. d4 cxd4 4. Nxd4 Nf6 5. Nc3 a6 6. f3 h5 7. Bg5 Nbd7 8. Qd2 e6 9. 0-0-0 Qc7 10. h4 b5 11. Bxb5 axb5 12. Ndxb5 Qc6 13. Nxd6+ Bxd6 14. Qxd6 Qxd6 15. Rxd6 0-0 16. Rhd1 Ne5 17. Bf4 Ng6 18. Bg3 e5 19. a4 Be6 20. b3 Rfc8 21. Kb2 Kf8 22. Nb5 Ne8 23. Rb6 Nc7 24. Bf2 Nxb5 25. Rxb5 Rc6 26. a5 f5 27. c4 fxe4 28. fxe4 Rca6 29. Bb6 Nxh4 30. Rxe5 Bg4 31. Rd2 Ng6 32. Rg5 Ne7 33. b4 Nc8 34. Rf2+ Kg8 35. Bd4 g6 36. Kc3 Re6 37. Bc5 Nd6 38. Bxd6 Rxd6 39. Rd5 Re6 40. Kd4 Bd1 41. e5 Raa6 42. Ra2 h4 43. b5 Ra8 44. b6 Rf8 45. Rd6 1-0

[Event "Krakow op-A"]
[Site "Krakow"]
[Date "2022.06.26"]
[Round "3"]
[White "Kyc, Jerzy"]
[Black "Fus, Jakub"]
[Result "0-1"]
[WhiteElo "2213"]
[BlackElo "2390"]
[PlyCount "148"]
[EventDate "2022.06.25"]
[EventType "swiss"]
[EventRounds "9"]
[EventCountry "POL"]
[SourceTitle "CBM 209 Extra"]
[Source "ChessBase"]
[SourceDate "2022.09.30"]
[SourceVersion "1"]
[SourceVersionDate "2022.09.30"]
[SourceQuality "1"]

1. e4 e5 2. Nf3 Nc6 3. Bb5 a6 4. Ba4 Nf6 5. 0-0 Be7 6. Re1 b5 7. Bb3 d6 8. c3 0-0 9. h3 Nb8 10. d4 Nbd7 11. Nbd2 Bb7 12. a4 c5 13. Bc2 Re8 14. Nf1 Bf8 15. Ng3 g6 16. dxe5 dxe5 17. Be3 Qc7 18. Qc1 c4 19. Bh6 Qc5 20. Bxf8 Qxf8 21. axb5 axb5 22. b4 cxb3 23. Rxa8 Rxa8 24. Bxb3 Nc5 25. Bc2 Nfd7 26. Qb2 Bc6 27. Ra1 f6 28. Rxa8 Qxa8 29. Nd2 Kg7 30. Ngf1 Na4 31. Qb4 Qf8 32. Nb1 Qc5 33. Ne3 Kf8 34. Kf1 Ke7 35. Ke2 Qd6 36. Qxd6+ Kxd6 37. h4 Ndb6 38. f3 Bd7 39. Bb3 f5 40. exf5 gxf5 41. Kd2 f4 42. Nc2 Nb2 43. Nba3 Kc5 44. Nb4 N2c4+ 45. Nxc4 Nxc4+ 46. Ke2 Bf5 47. Na6+ Kd6 48. Nb4 Bg6 49. Kf2 Nd2 50. Bg8 Nb1 51. Na2 Kc5 52. g4 fxg3+ 53. Kxg3 Bd3 54. f4 exf4+ 55. Kxf4 Bc4 56. Bxc4 Kxc4 57. Kg5 Nxc3 58. Kh6 Nxa2 59. Kxh7 b4 60. h5 b3 61. h6 b2 62. Kg7 b1Q 63. h7 Qb7+ 64. Kg8 Qc8+ 65. Kg7 Qd7+ 66. Kg8 Qe8+ 67. Kg7 Qe7+ 68. Kg8 Nc3 69. h8Q Ne4 70. Qh6 Kb5 71. Qh5+ Ng5 72. Qg6 Ne4 73. Qh6 Nf6+ 74. Kh8 Ka6 0-1

[Event "Krakow op-A"]
[Site "Krakow"]
[Date "2022.06.25"]
[Round "1"]
[White "Kyc, Jerzy"]
[Black "Holtel, Jasper"]
[Result "1-0"]
[WhiteElo "2213"]
[BlackElo "2352"]
[PlyCount "129"]
[EventDate "2022.06.25"]
[EventType "swiss"]
[EventRounds "9"]
[EventCountry "POL"]
[SourceTitle "CBM 209 Extra"]
[Source "ChessBase"]
[SourceDate "2022.09.30"]
[SourceVersion "1"]
[SourceVersionDate "2022.09.30"]
[SourceQuality "1"]

1. e4 c5 2. Nf3 d6 3. d4 cxd4 4. Nxd4 Nf6 5. Nc3 a6 6. Bg5 e6 7. f4 Be7 8. Qf3 Qc7 9. 0-0-0 Nbd7 10. Bd3 h6 11. Bh4 g5 12. fxg5 Ne5 13. Qe2 Nfg4 14. h3 hxg5 15. Bg3 Nf6 16. h4 g4 17. Bf2 b5 18. a3 Bd7 19. Be3 Rb8 20. Bg5 Qb6 21. Nb3 a5 22. Rhf1 Nh5 23. Be3 Qc7 24. Bxb5 Ng3 25. Bxd7+ Qxd7 26. Qa6 Nxf1 27. Rxf1 Rxh4 28. Nxa5 Rh2 29. Rg1 Rc8 30. Bf4 Rh5 31. Rd1 Qc7 32. Nb3 Qc4 33. Qb6 Qc7 34. Qa6 Qc6 35. Qe2 Bg5 36. Bxg5 Rxg5 37. Nd4 Qb6 38. Ndb5 Nc4 39. a4 Ke7 40. b3 Qe3+ 41. Qxe3 Nxe3 42. Rd2 Rh5 43. Re2 Nf1 44. Kb2 Rhc5 45. b4 Rc4 46. Kb3 Ng3 47. Re3 Nh5 48. a5 Nf6 49. Na7 R8c7 50. Ncb5 Rxc2 51. Nxc7 Rxc7 52. Nb5 Rc8 53. Nxd6 Ra8 54. Nc4 Nd7 55. b5 Rh8 56. a6 Kd8 57. Kb4 Kc7 58. Rc3 Kb8 59. Nd6 f6 60. Ka5 Rd8 61. Nb7 Rh8 62. Nc5 Nxc5 63. Rxc5 Rh1 64. Kb6 Ra1 65. Rc7 1-0